ბათუმის შოთა რუსთაველის სახელმწიფო უნივერსიტეტის ბიბლიოთეკა

ინფორმაციის დაცვა : (ბიბ.ჩანაწერი № 34812)

000 -ლიდერი
ფიქსირებული სიგრძის საკონტროლო ველი 01081nam a2200265Ia 4500
001 - საკონტროლო ნომერი
საკონტროლო ველი 622
003 - საკონტროლო ნომრის იდენტიფიკატორი
საკონტროლო ველი GE_BSU
005 - ბოლო ოპერაციის თარიღი და დრო
საკონტროლო ველი 20250417151429.0
008 - ფიქსირებული სიგრძის მონაცემთა ელემენტები - ზოგადი ინფორმაცია
ფიქსირებული სიგრძის საკონტროლო ველი 181216s2005||||ge |||||||||||||| ||geo||
020 ## - წიგნის საერთაშორისო სტანდარტული ნომერი
International Standard Book Number 9994040707
040 ## - კატალოგიზაციის წყარო
Transcribing agency GE_BSU
041 ## - ენის კოდი
Language code of text/sound track or separate title geo
080 ## - უნივერსალური ათობითი კლასიფიკაციის ინდექსი
Universal Decimal Classification number 004+004.056.5(075.8) კ–97
100 ## - მთავარი ჩანაწერი - პიროვნების სახელი
Personal name კუციავა, გ.
9 (RLIN) 24867
245 ## - ცნობა სათაურის შესახებ
Title ინფორმაციის დაცვა :
Remainder of title დამხმ. სახელმძღვ. /
Statement of responsibility, etc ვ. კუციავა, გ. კაცაძე, ქ. დიაკონიძე ; [რედ.: ნ. ჯიბლაძე] ; სტუ.
245 ## - ცნობა სათაურის შესახებ
Remainder of title დამხმარე სახელმძღვანელო
260 ## - გამოქვეყნების, გავრცელების, და სხვა. ცნობები
Date of publication, distribution, etc 2005
264 ## - წარმოების, გამოცემის, დისტრიბუციის და სხვა ცნობები
გამოცემის, წარმოების, დისტრიბუციის... ადგილი თბილისი :
გამოცემის, წარმოების, დისტრიბუციის... სახელწოდება ტექნ. უნ-ტი,
გამოცემის, წარმოების, დისტრიბუციის... თარიღი 2005.
300 ## - ფიზიკური აღწერა
Extent 150 გვ.:
Other physical details ცხრ. ;
Dimensions 29 სმ.
504 ## - BIBLIOGRAPHY, ETC. NOTE
Bibliography, etc ბიბლიოგრ.: გვ. 100.
653 ## - INDEX TERM--UNCONTROLLED
Uncontrolled term ინფორმაციის დაცვა
700 ## - ADDED ENTRY--PERSONAL NAME
Personal name კაცაძე, გ.,
Relator term ავტორი
9 (RLIN) 24868
942 ## - ADDED ENTRY ELEMENTS (KOHA)
Koha item type წიგნი
Source of classification or shelving scheme
ეგზემპლარები
ჩამოწერის სტატუსი დაკარგული ეგზემპლარის სტატუსი კლასიფიკაციის წყარო ან თაროზე გაწყობის სქემა დაზიანების სტატუსი არ გაიცემა მუდმივი მდებარეობა (დაცვის ადგილი) ამჟამინდელი ადგილსამყოფელი თაროზე განთავსების ადგილი შეძენის თარიღი ღირებულება, შესყიდვის ნორმალური ფასი სრული შენახვის შიფრი შტრიხკოდი ბოლო ოპერაციის თარიღი ეგზემპლარის მიმდევრობითი ნომერი (კეტერი?) ფასის ძალაში შესვლის თარიღი ეგზემპლარის სახეობა საჯარო შენიშვნა
          ბათუმის შოთა რუსთაველის სახელმწიფო უნივერსიტეტის მთავარი ბიბლიოთეკა ბათუმის შოთა რუსთაველის სახელმწიფო უნივერსიტეტის მთავარი ბიბლიოთეკა წიგნსაცავი 2018-12-17 6.00 004+004.056.5(075.8) კ–97 914 2018-12-17 914 2018-12-17 წიგნი 6 ლ.